000 01379nam a22003977a 4500
003 CHAP
005 20220329141245.0
008 971010s1973 r 00010 d
010 _a65237
011 _a66209
035 _a74216
040 _cCHAP
090 _aTesis
100 0 0 _aMercado García, Fernando.
_974899
245 _aAlgunos aspectos de la operación en el Distrito de Riego 03, Tula
260 _aChapingo, Méx. :
_bEl autor,
_c1973
300 _a126 h.
_b; mapas
500 _a/
502 _aTesis (Ing. Agr. Esp. en Irrigación) -- ENA. Departamento de Irrigación
590 _aALEPH
_b10
_c20130110
_lUCH01
_h1355
590 _aBATCH-UPD
_b10
_c20130110
_lUCH01
_h0653
590 _aBATCH-UPD
_b10
_c20130410
_lUCH01
_h0338
590 _aBATCH-UPD
_b10
_c20130914
_lUCH01
_h1209
590 _aCONVERSION
_b10
_c20130109
_lUCH01
_h1336
650 1 4 _aDistrito de Riego Tula, Hgo.
_932945
901 _aBK
942 _cFOLL
949 _bBC
_cTES
_d-147481
_eTS1
_i74216
_si
949 _bBC
_cTES
_d33724000982260
_eTS2
_fc.2
_i74216
_si
949 _bI
_cTES
_d-62512
_eTS2
_fc.2
_h357
_i74216
_si
949 _bI
_cTES
_d-62513
_eTS2
_fc.3
_h358
_i74216
_si
949 _bI
_cTES
_d-62514
_eTS2
_fc.4
_h359
_i74216
_si
949 _bI
_cTES
_d-62515
_eTS2
_fc.5
_h360
_i74216
_si
949 _bI
_cTES
_d-62516
_eTS2
_fc.6
_h361
_i74216
_si
949 _bI
_cTES
_d-7073
_eTS1
_h356
_i74216
_si
999 _c65237
_d65237